Alfred Musset / (Record no. 79294)
[ view plain ]
| 000 -LEADER | |
|---|---|
| campo de control de longitud fija | 00604nam a2200217 i 4500 |
| 001 - NÚMERO DE CONTROL | |
| campo de control | 79294 |
| 003 - IDENTIFICADOR DE NÚMERO DE CONTROL | |
| campo de control | ES-MaACL |
| 005 - FECHA Y HORA DE LA ÚLTIMA TRANSACCIÓN | |
| campo de control | 20260305133226.0 |
| 007 - CAMPO FIJO DE DESCRIPCIÓN FÍSICA--INFORMACIÓN GENERAL | |
| campo de control de longitud fija | t| |
| 008 - DATOS DE LONGITUD FIJA--INFORMACIÓN GENERAL | |
| campo de control de longitud fija | 041020s1928 fr ||||1| fre d |
| 080 ## - NÚMERO DE LA CLASIFICACIÓN DECIMAL UNIVERSAL | |
| Número de la Clasificación Decimal Universal | 929 Sand, George |
| 100 1# - ENTRADA PRINCIPAL--NOMBRE DE PERSONA | |
| Nombre de persona | Henriot, Émile, |
| Fechas asociadas al nombre | 1889-1961 |
| 9 (RLIN) | 62578 |
| 245 14 - MENCIÓN DEL TÍTULO | |
| Título | Alfred Musset / |
| Mención de responsabilidad, etc. | Emile Henriot. |
| 260 ## - PUBLICACIÓN, DISTRIBUCIÓN, ETC. | |
| Lugar de publicación, distribución, etc. | Paris : |
| Nombre del editor, distribuidor, etc. | Hachette, |
| Fecha de publicación, distribución, etc. | 1928. |
| 300 ## - DESCRIPCIÓN FÍSICA | |
| Extensión | 191 p. ; |
| Dimensiones | 19 cm. |
| 490 1# - MENCIÓN DE SERIE | |
| Mención de serie | Les romantiques |
| 600 #0 - PUNTO DE ACCESO ADICIONAL DE MATERIA--NOMBRE DE PERSONA | |
| Nombre de persona | Musset, Alfred de, |
| Fechas asociadas al nombre | 1810-1857 |
| 9 (RLIN) | 223345 |
| 830 0# - PUNTO DE ACCESO ADICIONAL DE SERIE-TÍTULO UNIFORME | |
| Título uniforme | Les romantiques |
| 9 (RLIN) | 231426 |
| 852 ## - LOCALIZACIÓN | |
| Ubicación | ES-MaACL |
| Número de control de estantería | A-2553 |
| Estatus retirado | Estado de pérdida | Estado de daño | No para préstamo | Biblioteca de origen | Biblioteca actual | Ubicación en estantería | Fecha de adquisición | Fuente de adquisición | Total de préstamos | Signatura topográfica completa | Código de barras | Visto por última vez | Precio de reemplazo | Tipo de ítem Koha |
|---|---|---|---|---|---|---|---|---|---|---|---|---|---|---|
| Biblioteca del Ateneo de Madrid | Biblioteca del Ateneo de Madrid | Sala Pecera Planta 1 | 17/01/2008 | A-2553 | 1082921 | 23/02/2023 | 23/02/2023 | Libro impreso |
